Dodatky k Platným právnym predpisom pre knižnice a informačné strediská marec-november 1983
Uložené v:
| Hlavný autor: | |
|---|---|
| Médium: | Kniha |
| Jazyk: | Slovak |
| Vydavateľské údaje: |
Bratislava
Slovenská technická knižnica
1983
|
| Tagy: |
Žiadne tagy, Buďte prvý, kto otaguje tento záznam!
|
MARC
| LEADER | 00000nam a2200000 4500 | ||
|---|---|---|---|
| 001 | c115030 | ||
| 005 | 20041019155200.2 | ||
| 041 | 0 | |a slo | |
| 044 | |a SK | ||
| 245 | 1 | 0 | |a Dodatky k Platným právnym predpisom pre knižnice a informačné strediská |b marec-november 1983 |c Blahoslav Španiel |
| 264 | 1 | |a Bratislava |b Slovenská technická knižnica |c 1983 | |
| 300 | |a 31 s. | ||
| 100 | 1 | |a Španiel, Blahoslav | |